| 000 | 00867nam a2200265 a 4500 | ||
|---|---|---|---|
| 001 | 25303 | ||
| 003 | BD-RjUL | ||
| 005 | 20211209050847.0 | ||
| 008 | 140825s1991 kn ac 000 0 eng | ||
| 035 | _a(BD-RjUL)25372 | ||
| 040 |
_aEQO _cEQO _beng _dBD-RjUL |
||
| 041 | 1 |
_aeng _hkor |
|
| 082 | 0 | 0 |
_a951.93043 _219 _bKIK 1991 |
| 100 | 1 |
_aKim, Il-sŏng, _d1912-1994. _977815 |
|
| 245 | 1 | 0 |
_aKim Il Sung : _bworks / _cKim Il Sung. _nVolume-37, _pJanuary 1982-May 1983 |
| 260 |
_aPyongyang, Korea : _bForeign Languages Pub. House, _c1991 |
||
| 300 |
_a407 p. : _bill. ; _c22 cm. |
||
| 500 | _aTranslation of: Kim Il-sŏng chŏjakchip. | ||
| 600 |
_a Kim, Il-sŏng, _d1912-1994. _9112037 |
||
| 651 |
_aKorea (North) _xPolitics and government _y1948-1994 _eSources. _979548 |
||
| 942 |
_2ddc _cBK |
||
| 999 |
_c25303 _d25303 |
||